Statistics for Synonyms

Click here to take the quiz!

General Stats

  • This quiz has been taken 19 times
  • The average score is 6 of 23

Answer Stats

Wordsynonym% Correct
Evil
69%
Jog
63%
RunSprint
63%
Befuddled
31%
Dash
31%
Baffled
25%
ConfusedBemused
25%
Discombobulated
25%
Harsh
25%
Perplexed
25%
Wicked
25%
Bound
19%
Heartless
19%
Puzzled
19%
Rush
19%
Vicious
19%
Bewildered
13%
Brutal
13%
Dart
13%
Ruthless
13%
Inhumane
6%
Spiteful
6%
CruelBitter
0%

Score Distribution

Percentile by Number Answered

Percent of People with Each Score

Your Score History

You have not taken this quiz